World scientists' warning of a climate emergency (Record no. 121155)

MARC details
000 -LEADER
fixed length control field 00945nas a22002537a 4500
001 - CONTROL NUMBER
control field K121155
007 - PHYSICAL DESCRIPTION FIXED FIELD--GENERAL INFORMATION
fixed length control field ta
008 - FIXED-LENGTH DATA ELEMENTS--GENERAL INFORMATION
fixed length control field 191105b2019 ||||| |||| 00| 0 eng d
041 ## - LANGUAGE CODE
Language code of text/sound track or separate title eng
100 ## - MAIN ENTRY--PERSONAL NAME
Personal author Ripple, William
245 ## - TITLE STATEMENT
Title World scientists' warning of a climate emergency
260 ## - PUBLICATION INFORMATION
Date 2019
490 ## - SERIES TITLE
Series statement BioScience
Volume biz088, 5 November 2019
520 ## - ABSTRACT
Abstract The Alliance of World Scientists warns that our planet is facing a climate emergency unless measures are taken to reduce risk. Links climate change to lifestyle and calls for the world to adapt to change.
650 ## - KEYWORDS
Keywords Climate change
650 ## - KEYWORDS
Keywords Value the planet
651 ## - SUBJECT ADDED ENTRY--GEOGRAPHIC NAME
Geographic name International
690 ## - LOCAL SUBJECT ADDED ENTRY--TOPICAL TERM (OCLC, RLIN)
9 (RLIN) 6238
Topical term or geographic name as entry element Environment
700 ## - ADDED PERSONAL NAME
Added personal author Wolf, Christopher
700 ## - ADDED PERSONAL NAME
Added personal author Newsome, Thomas
700 ## - ADDED PERSONAL NAME
Added personal author Barnard, Phoebe
700 ## - ADDED PERSONAL NAME
Added personal author Moomaw, William
856 ## - ONLINE RESOURCE
Uniform Resource Identifier https://academic.oup.com/bioscience/advance-article/doi/10.1093/biosci/biz088/5610806
Public note .View article at Bioscience
Holdings
Withdrawn status Lost status Damaged status Not for loan Home library Current library Shelving location Date acquired Total Checkouts Date last seen Price effective from Koha item type
        Virtual Virtual Online 05/11/2019   05/11/2019 05/11/2019 Journal article